LEADER 00860nam0-22002771i-450- 001 990005938570403321 005 19980601 035 $a000593857 035 $aFED01000593857 035 $a(Aleph)000593857FED01 035 $a000593857 100 $a19980601d1932----km-y0itay50------ba 105 $a--------00-yy 200 1 $a<>oggetto del reato e della tutela giuridica penale$eContributo alle teorie generali del reato e della pena$fARTURO ROCCO 210 $aRoma$cSoc. Edit. del Foro Italiano$d1932 215 $aIX 621 p.$d22 cm 676 $a345 700 1$aRocco,$bArturo$f<1876-1942>$0319551 801 0$aIT$bUNINA$gRICA$2UNIMARC 901 $aBK 912 $a990005938570403321 952 $aMASSARI D 3$b3665$fFGBC 959 $aFGBC 996 $aOggetto del reato e della tutela giuridica penale$9587254 997 $aUNINA DB $aGIU01 LEADER 00966nam a2200253 i 4500 001 991002487679707536 005 20020503165929.0 008 010315s1977 it ||| | ita 035 $ab10371783-39ule_inst 035 $aEXGIL104712$9ExL 040 $aBiblioteca Interfacoltà$bita 082 0 $a345 100 1 $aGramatica, Filippo$0224815 245 10$aDiritto penale industriale /$cFilippo Gramatica 260 $aMilano :$bGiuffrè,$c1977 300 $aP. 523-538 ;$c24 cm. 500 $aEstr. da: Problemi attuali di diritto industriale : studi celebrativi del XXV anno della Rivista di Diritto Industriale 650 4$aDiritto penale 907 $a.b10371783$b02-04-14$c27-06-02 912 $a991002487679707536 945 $aLE002 Busta C 86 11$g1$i2002000788498$lle002$o-$pE0.00$q-$rl$s- $t0$u0$v0$w0$x0$y.i10435062$z27-06-02 996 $aDiritto penale industriale$9203057 997 $aUNISALENTO 998 $ale002$b01-01-01$cm$da $e-$fita$git $h0$i1 LEADER 02109nam 2200457z- 450 001 9910557258303321 005 20211118 035 $a(CKB)5400000000041374 035 $a(oapen)https://directory.doabooks.org/handle/20.500.12854/73598 035 $a(oapen)doab73598 035 $a(EXLCZ)995400000000041374 100 $a20202111d2020 |y 0 101 0 $aeng 135 $aurmn|---annan 181 $ctxt$2rdacontent 182 $cc$2rdamedia 183 $acr$2rdacarrier 200 00$aEnvironmental Engagement and Cultural Value: Global Perspectives for Protecting the Natural World 210 $cFrontiers Media SA$d2020 215 $a1 online resource (110 p.) 311 08$a2-88963-444-2 330 $aThis eBook is a collection of articles from a Frontiers Research Topic. Frontiers Research Topics are very popular trademarks of the Frontiers Journals Series: they are collections of at least ten articles, all centered on a particular subject. With their unique mix of varied contributions from Original Research to Review Articles, Frontiers Research Topics unify the most influential researchers, the latest key findings and historical advances in a hot research area! Find out more on how to host your own Frontiers Research Topic or contribute to one as an author by contacting the Frontiers Editorial Office: frontiersin.org/about/contact 517 $aEnvironmental Engagement and Cultural Value 606 $aPsychology$2bicssc 606 $aScience: general issues$2bicssc 610 $across-culture 610 $aculture 610 $aenvironmental behavior 610 $aenvironmental belief 610 $aenvironmental engagement 610 $avalue 615 7$aPsychology 615 7$aScience: general issues 700 $aJia$b Fanli$4edt$01304491 702 $aKrettenauer$b Tobias$4edt 702 $aJia$b Fanli$4oth 702 $aKrettenauer$b Tobias$4oth 906 $aBOOK 912 $a9910557258303321 996 $aEnvironmental Engagement and Cultural Value: Global Perspectives for Protecting the Natural World$93027483 997 $aUNINA